[Event "Oberliga Ost-B 1415"]
[Site "Germany"]
[Date "2015.01.17"]
[Round "6.4"]
[White "Werner, Albrecht"]
[Black "Guenther, Christian1111"]
[Result "1/2-1/2"]
[WhiteElo "2169"]
[BlackElo "2180"]
[PlyCount "133"]
[EventDate "2014.09.21"]
[EventType "team-tourn"]
[EventRounds "11"]
[EventCountry "GER"]
[SourceTitle "EXT 2016"]
[Source "ChessBase"]
[SourceDate "2015.10.08"]
[SourceVersion "1"]
[SourceVersionDate "2015.10.08"]
[SourceQuality "1"]
[WhiteTeam "Jena Schott"]
[BlackTeam "Sangerhausen"]
[WhiteTeamCountry "GER"]
[BlackTeamCountry "GER"]

1. d4 d5 2. c4 c6 3. Nf3 Nf6 4. e3 a6 5. Bd3 b5 6. b3 Bg4 7. Nbd2 e6 8. 0-0 Bd6 9. Bb2 0-0 10. Qc2 Bxf3 11. Nxf3 g6 12. Ne5 Qc7 13. f4 Ne8 14. Rac1 f6 15. Nf3 Qe7 16. e4 Bxf4 17. Rce1 dxe4 18. Rxe4 Bh6 19. Rfe1 Nc7 20. d5 cxd5 21. cxd5 Nxd5 22. Rxe6 Qd7 23. Bf1 Ra7 24. Ba3 Rc7 25. Qe4 b4 26. Bxb4 Nxb4 27. Qxb4 Nc6 28. Qc4 Rf7 29. Qxa6 Ne5 30. Nxe5 Qd4+ 31. Kh1 fxe5 32. Re8+ Kg7 33. Bc4 Qf2 34. R8xe5 Ra7 35. Qe6 Bf4 36. R5e4 Bd2 37. Rd1 Rf6 38. Qd5 Rxa2 39. Re7+ Kh6 40. Qg8 Be3 41. Qxh7+ Kg5 42. Qh3 Rd2 43. Rd7 Rf4 44. R7xd2 Bxd2 45. Qd3 Be3 46. Rf1 Qxf1+ 47. Qxf1 Rxf1+ 48. Bxf1 Kf4 49. Be2 Bb6 50. b4 g5 51. b5 Ke3 52. Bc4 Kf2 53. Be6 Be3 54. Bg4 Bd4 55. g3 Bc5 56. Bh5 Be3 57. Bd1 Ke1 58. Kg2 Kxd1 59. Kf3 Kd2 60. Kg4 Ke2 61. h4 gxh4 62. gxh4 Kd3 63. Kf3 Bb6 64. h5 Kc4 65. Ke4 Kxb5 66. h6 Kc4 67. h7 1/2-1/2

[Event "Oberliga Ost-B 1314"]
[Site "Germany"]
[Date "2013.11.10"]
[Round "3.4"]
[White "Hoehn, Michael"]
[Black "Werner, Albrecht"]
[Result "0-1"]
[WhiteElo "2075"]
[BlackElo "2152"]
[PlyCount "124"]
[EventDate "2013.10.13"]
[EventType "team-tourn"]
[EventRounds "11"]
[EventCountry "GER"]
[SourceTitle "EXT 2015"]
[Source "ChessBase"]
[SourceDate "2014.11.20"]
[SourceVersion "1"]
[SourceVersionDate "2014.11.20"]
[SourceQuality "1"]
[WhiteTeam "Offenbach"]
[BlackTeam "Jena"]
[WhiteTeamCountry "GER"]
[BlackTeamCountry "GER"]

1. e4 c6 2. Nf3 d5 3. exd5 cxd5 4. d4 Nf6 5. h3 g6 6. c4 Bg7 7. Nc3 0-0 8. Be3 Nc6 9. Ne5 Be6 10. Nxc6 bxc6 11. c5 Ne4 12. Nxe4 dxe4 13. Qd2 Re8 14. b3 Qd7 15. Rd1 Rad8 16. Qc2 Bd5 17. Bc4 Qe6 18. 0-0 Rd7 19. Bxd5 Rxd5 20. b4 Red8 21. a4 Bxd4 22. Bxd4 Rxd4 23. b5 e3 24. Rxd4 Rxd4 25. b6 Rd2 26. Qc3 exf2+ 27. Kh2 Rd7 28. Rxf2 Qe4 29. Qb3 Qe5+ 30. g3 e6 31. b7 Rd8 32. Qf3 Qc7 33. Rb2 Rb8 34. Qb3 h5 35. h4 Qe5 36. Qb4 g5 37. Rd2 gxh4 38. Qxh4 Rxb7 39. Qc4 Rb1 40. Qh4 Qxc5 41. Rg2 Qc1 42. Qd8+ Kg7 43. Qd4+ Kh7 44. Kh3 c5 45. Qe4+ Kh6 46. Rf2 Qh1+ 47. Qxh1 Rxh1+ 48. Kg2 Ra1 49. Rxf7 Rxa4 50. Rf6+ Kg5 51. Rxe6 Kf5 52. Rc6 c4 53. Kf3 Ke5 54. Rc5+ Kd4 55. Rxh5 Kd3 56. Rd5+ Kc2 57. g4 c3 58. g5 Ra1 59. Ke2 Ra6 60. Ke3 Rb6 61. Ra5 a6 62. Rc5 Kb2 0-1

[Event "Oberliga Ost-B 1314"]
[Site "Germany"]
[Date "2013.10.13"]
[Round "1.5"]
[White "Kastner, Peter"]
[Black "Werner, Albrecht"]
[Result "1/2-1/2"]
[WhiteElo "2170"]
[BlackElo "2152"]
[PlyCount "37"]
[EventDate "2013.10.13"]
[EventType "team-tourn"]
[EventRounds "11"]
[EventCountry "GER"]
[SourceTitle "EXT 2015"]
[Source "ChessBase"]
[SourceDate "2014.11.20"]
[SourceVersion "1"]
[SourceVersionDate "2014.11.20"]
[SourceQuality "1"]
[WhiteTeam "Liebschwitz"]
[BlackTeam "Jena"]
[WhiteTeamCountry "GER"]
[BlackTeamCountry "GER"]

1. e4 c6 2. d4 d5 3. exd5 cxd5 4. Bd3 Nc6 5. c3 Qc7 6. Ne2 Bg4 7. f3 Bd7 8. Na3 a6 9. Nc2 Nf6 10. Bf4 e5 11. dxe5 Nxe5 12. Bxe5 Qxe5 13. Qd2 Bc5 14. Qf4 Qxf4 15. Nxf4 0-0 16. Nd4 b5 17. a3 Rfb8 18. b4 Bb6 19. Kd2 1/2-1/2

[Event "Oberliga Ost-B 1213"]
[Site "Germany"]
[Date "2013.02.24"]
[Round "8.5"]
[White "Felgendreher, Heiko"]
[Black "Werner, Albrecht"]
[Result "1-0"]
[WhiteElo "2208"]
[BlackElo "2123"]
[PlyCount "37"]
[EventDate "2012.09.30"]
[EventType "team-tourn"]
[EventRounds "11"]
[EventCountry "GER"]
[SourceTitle "EXT 2014"]
[Source "ChessBase"]
[SourceDate "2013.11.20"]
[SourceVersion "1"]
[SourceVersionDate "2013.11.20"]
[SourceQuality "1"]
[WhiteTeam "Moerlenbach"]
[BlackTeam "Jena Schott"]
[WhiteTeamCountry "GER"]
[BlackTeamCountry "GER"]

1. e4 c6 2. d4 d5 3. exd5 cxd5 4. c4 Nf6 5. Nc3 Nc6 6. Bg5 dxc4 7. Bxc4 Nxd4 8. Nf3 Nxf3+ 9. Qxf3 Qc7 10. Bb5+ Bd7 11. 0-0 a6 12. Bxd7+ Qxd7 13. Bxf6 gxf6 14. Nd5 Qd6 15. Rac1 Bh6 16. Nc7+ Kf8 17. Nxa8 Bxc1 18. Rxc1 Kg7 19. Qg4+ 1-0

[Event "Oberliga Ost-B 1213"]
[Site "Germany"]
[Date "2013.01.13"]
[Round "5.4"]
[White "Hoehn, Michael"]
[Black "Werner, Albrecht"]
[Result "0-1"]
[WhiteElo "2095"]
[BlackElo "2123"]
[PlyCount "110"]
[EventDate "2012.09.30"]
[EventType "team-tourn"]
[EventRounds "11"]
[EventCountry "GER"]
[SourceTitle "EXT 2014"]
[Source "ChessBase"]
[SourceDate "2013.11.20"]
[SourceVersion "1"]
[SourceVersionDate "2013.11.20"]
[SourceQuality "1"]
[WhiteTeam "Offenbach"]
[BlackTeam "Jena Schott"]
[WhiteTeamCountry "GER"]
[BlackTeamCountry "GER"]

1. e4 c6 2. Nf3 d5 3. exd5 cxd5 4. d4 Nf6 5. c4 Nc6 6. Nc3 Bg4 7. Be2 dxc4 8. 0-0 e6 9. h3 Bxf3 10. Bxf3 Rc8 11. d5 exd5 12. Bg5 d4 13. Nd5 Be7 14. Nxe7 Kxe7 15. Re1+ Kf8 16. Qa4 h6 17. Bh4 g5 18. Bg3 c3 19. bxc3 dxc3 20. Rad1 Qb6 21. Rd6 Kg7 22. Be5 Nxe5 23. Rxb6 Nxf3+ 24. gxf3 axb6 25. Qb3 Rhd8 26. Kg2 Nd5 27. Kg3 Rc5 28. a3 c2 29. Rc1 Rdc8 30. Rxc2 Rxc2 31. Qxd5 R8c6 32. Qd4+ Rf6 33. f4 gxf4+ 34. Kf3 Rc5 35. h4 Ra5 36. a4 b5 37. axb5 Rxb5 38. Qc3 b6 39. Qd3 Rh5 40. Kg4 Rhf5 41. f3 Re5 42. Qd4 Re1 43. Kh5 Re3 44. Qd5 b5 45. Qxb5 Rxf3 46. Qe5 Ra3 47. Qc5 Raa6 48. Qg1+ Kh8 49. Qc5 f3 50. Qc8+ Kh7 51. Qc2+ Kg7 52. Qc3 f2 53. Qg3+ Kh8 54. Qb8+ Kh7 55. Qb1+ Kg7 0-1

[Event "Oberliga Ost-B 1213"]
[Site "Germany"]
[Date "2012.09.30"]
[Round "1.6"]
[White "Werner, Albrecht"]
[Black "Kloss, Thomas"]
[Result "1/2-1/2"]
[WhiteElo "2123"]
[BlackElo "2090"]
[PlyCount "58"]
[EventDate "2012.09.30"]
[EventType "team-tourn"]
[EventRounds "11"]
[EventCountry "GER"]
[SourceTitle "EXT 2014"]
[Source "ChessBase"]
[SourceDate "2013.11.20"]
[SourceVersion "1"]
[SourceVersionDate "2013.11.20"]
[SourceQuality "1"]
[WhiteTeam "Jena Schott"]
[BlackTeam "Jena Jenapharm"]
[WhiteTeamCountry "GER"]
[BlackTeamCountry "GER"]

1. d4 Nf6 2. c4 e6 3. g3 d5 4. Nf3 Be7 5. Bg2 0-0 6. 0-0 dxc4 7. Qa4 a6 8. Qxc4 b5 9. Qc2 Bb7 10. Bd2 Be4 11. Qc1 Bb7 12. Rd1 Nbd7 13. Ba5 Rc8 14. Nbd2 Qe8 15. b4 Nb8 16. a3 Nc6 17. Nb3 Bd6 18. Ne5 Nxd4 19. Nxd4 Bxg2 20. Kxg2 Bxe5 21. Qc5 Bd6 22. Qc6 Qxc6+ 23. Nxc6 e5 24. Rac1 Ne8 25. Rxd6 Nxd6 26. Ne7+ Kh8 27. Nxc8 Rxc8 28. Rc6 Nc4 29. Bxc7 h6 1/2-1/2

[Event "Oberliga Ost-B 1112"]
[Site "Germany"]
[Date "2012.02.26"]
[Round "8.6"]
[White "Schaper, Bjoern"]
[Black "Werner, Albrecht"]
[Result "1-0"]
[WhiteElo "2134"]
[BlackElo "2125"]
[PlyCount "55"]
[EventDate "2011.10.02"]
[EventType "team-tourn"]
[EventRounds "11"]
[EventCountry "GER"]
[SourceTitle "EXT 2013"]
[Source "ChessBase"]
[SourceDate "2012.11.22"]
[SourceVersion "1"]
[SourceVersionDate "2012.11.22"]
[SourceQuality "1"]
[WhiteTeam "Steinbach"]
[BlackTeam "Jena Schott"]
[WhiteTeamCountry "GER"]
[BlackTeamCountry "GER"]

1. e4 c6 2. d4 d5 3. exd5 cxd5 4. Bd3 Nc6 5. c3 Qc7 6. Ne2 Nf6 7. Bf4 e5 8. dxe5 Nxe5 9. Bb5+ Bd7 10. Bxd7+ Nfxd7 11. Qxd5 0-0-0 12. 0-0 Bd6 13. Nd2 Nf6 14. Qb3 Neg4 15. Bxd6 Rxd6 16. Nf3 Rd3 17. Ned4 Rd8 18. g3 Ne4 19. Qb5 Rxf3 20. Nxf3 g6 21. Nd4 h5 22. Qe2 Ng5 23. h4 Nh7 24. Rad1 a6 25. Rfe1 g5 26. Qe7 Rd7 27. Qe8+ Rd8 28. Nf5 1-0

[Event "Oberliga Ost-B 1112"]
[Site "Germany"]
[Date "2012.01.14"]
[Round "6.7"]
[White "Mueller Ludwig, Kristin"]
[Black "Werner, Albrecht"]
[Result "1-0"]
[WhiteElo "2100"]
[BlackElo "2125"]
[PlyCount "66"]
[EventDate "2011.10.02"]
[EventType "team-tourn"]
[EventRounds "11"]
[EventCountry "GER"]
[SourceTitle "EXT 2013"]
[Source "ChessBase"]
[SourceDate "2012.11.22"]
[SourceVersion "1"]
[SourceVersionDate "2012.11.22"]
[SourceQuality "1"]
[WhiteTeam "Erfurt Medizin"]
[BlackTeam "Jena Schott"]
[WhiteTeamCountry "GER"]
[BlackTeamCountry "GER"]

1. e4 c6 2. d4 d5 3. Nc3 dxe4 4. Nxe4 Bf5 5. Ng3 Bg6 6. Nf3 e6 7. h4 h6 8. h5 Bh7 9. Bd3 Bxd3 10. Qxd3 Nd7 11. Bf4 Qa5+ 12. Bd2 Bb4 13. c3 Be7 14. c4 Bb4 15. Ne4 Ngf6 16. Nd6+ Ke7 17. c5 b6 18. Nb7 Bxd2+ 19. Nxd2 Qa4 20. b3 Qa3 21. Qg3 Rhc8 22. Nd6 Rg8 23. N6c4 Qb4 24. Qd6+ Kd8 25. 0-0 bxc5 26. a3 Qb8 27. Qxc6 cxd4 28. Nf3 Ke7 29. Nxd4 Rc8 30. Qf3 Kf8 31. Rfe1 Kg8 32. Nc6 Qb5 33. Ne7+ Kh7 1-0

[Event "Oberliga Ost-A 1011"]
[Site "Germany"]
[Date "2010.11.14"]
[Round "3.5"]
[White "Neukirch, Detlef"]
[Black "Werner, Albrecht"]
[Result "1/2-1/2"]
[WhiteElo "2270"]
[BlackElo "2124"]
[PlyCount "66"]
[EventDate "2010.10.24"]
[EventType "team-tourn"]
[EventRounds "11"]
[EventCountry "GER"]
[SourceTitle "EXT 2012"]
[Source "ChessBase"]
[SourceDate "2011.11.24"]
[SourceVersion "1"]
[SourceVersionDate "2011.11.24"]
[SourceQuality "1"]
[WhiteTeam "Halle USV"]
[BlackTeam "Jena Schott"]
[WhiteTeamCountry "GER"]
[BlackTeamCountry "GER"]

1. e4 c6 2. d4 d5 3. Nc3 dxe4 4. Nxe4 Bf5 5. Ng3 Bg6 6. h4 h6 7. Nf3 Nd7 8. h5 Bh7 9. Bd3 Bxd3 10. Qxd3 e6 11. Bd2 Ngf6 12. 0-0-0 Qc7 13. Ne4 0-0-0 14. g3 Nc5 15. Nxc5 Bxc5 16. c4 Rhe8 17. Bc3 a6 18. Qe2 Bf8 19. Ne5 c5 20. dxc5 Bxc5 21. f4 Rxd1+ 22. Rxd1 Rd8 23. Rxd8+ Kxd8 24. g4 Ke8 25. g5 Ng8 26. Qe4 f5 27. Qd3 Qd6 28. Kc2 Qc7 29. b4 Bf8 30. a4 hxg5 31. fxg5 Bxb4 32. Qd4 Bc5 33. Qd3 Bb4 1/2-1/2

[Event "Oberliga Ost-A 0910"]
[Site "Germany"]
[Date "2010.04.10"]
[Round "10.5"]
[White "Heyder, Florian"]
[Black "Werner, Albrecht"]
[Result "1/2-1/2"]
[WhiteElo "2168"]
[BlackElo "2125"]
[PlyCount "103"]
[EventDate "2009.10.18"]
[EventType "team-tourn"]
[EventRounds "11"]
[EventCountry "GER"]
[SourceTitle "EXT 2011"]
[Source "ChessBase"]
[SourceDate "2010.11.26"]
[SourceVersion "1"]
[SourceVersionDate "2010.11.26"]
[SourceQuality "1"]
[WhiteTeam "Halle USV"]
[BlackTeam "Jena Schott"]
[WhiteTeamCountry "GER"]
[BlackTeamCountry "GER"]

1. e4 c6 2. d4 d5 3. f3 e6 4. Nc3 Nf6 5. e5 Nfd7 6. Nce2 c5 7. c3 Nc6 8. f4 f6 9. Nf3 Be7 10. a3 a5 11. b3 0-0 12. Be3 Qb6 13. Bf2 cxd4 14. Nexd4 Nxd4 15. Bxd4 Bc5 16. Bd3 Rf7 17. 0-0 Nf8 18. Kh1 Bd7 19. Rb1 Rc8 20. Qd2 Kh8 21. exf6 Bxd4 22. cxd4 Rxf6 23. b4 axb4 24. Rxb4 Qc7 25. Ne5 Bc6 26. Qc2 Qa5 27. Qb2 Kg8 28. Rb3 Qd8 29. Qe2 Qe7 30. Ng4 Rf7 31. Ne5 Rf6 32. Bb1 Ra8 33. Qe3 Ba4 34. Rc3 Be8 35. Ng4 Rf7 36. Qg3 Kh8 37. Re1 Qd6 38. Ne5 Rf6 39. Rce3 Ra4 40. f5 exf5 41. Bxf5 Qb6 42. Bc2 Ra8 43. Rb3 Qa7 44. Nf3 b6 45. Rc3 Bg6 46. Bxg6 Nxg6 47. Ne5 Raf8 48. h3 Kg8 49. Nxg6 Rxg6 50. Qe5 Qd7 51. Rc7 Qb5 52. Rcc1 1/2-1/2

[Event "Oberliga Ost-A 0910"]
[Site "Germany"]
[Date "2010.01.23"]
[Round "6.5"]
[White "Schenk, Alexander"]
[Black "Werner, Albrecht"]
[Result "1-0"]
[WhiteElo "2301"]
[BlackElo "2125"]
[PlyCount "55"]
[EventDate "2009.10.18"]
[EventType "team-tourn"]
[EventRounds "11"]
[EventCountry "GER"]
[SourceTitle "EXT 2011"]
[Source "ChessBase"]
[SourceDate "2010.11.26"]
[SourceVersion "1"]
[SourceVersionDate "2010.11.26"]
[SourceQuality "1"]
[WhiteTeam "Chemnitz"]
[BlackTeam "Jena Schott"]
[WhiteTeamCountry "GER"]
[BlackTeamCountry "GER"]

1. d4 Nf6 2. c4 c5 3. d5 g6 4. Nc3 Bg7 5. Nf3 d6 6. g3 0-0 7. Bg2 a6 8. 0-0 b5 9. cxb5 axb5 10. Nxb5 Ba6 11. Nc3 Nbd7 12. Qc2 Qb6 13. h3 Rfb8 14. Rb1 Qb7 15. Rd1 Bc4 16. b3 Bxd5 17. Nxd5 Nxd5 18. Ne5 Nxe5 19. Bxd5 Nc6 20. Qe4 Ra6 21. Bg5 e6 22. Bc4 Rxa2 23. Rxd6 Rc8 24. Rbd1 Ra1 25. Rxa1 Bxa1 26. Bxe6 fxe6 27. Qxe6+ Kh8 28. Rd7 1-0

[Event "Oberliga Ost-A 0910"]
[Site "Germany"]
[Date "2009.11.29"]
[Round "4.6"]
[White "Werner, Albrecht"]
[Black "Claus, Thomas"]
[Result "0-1"]
[WhiteElo "2125"]
[BlackElo "2069"]
[PlyCount "68"]
[EventDate "2009.10.18"]
[EventType "team-tourn"]
[EventRounds "11"]
[EventCountry "GER"]
[SourceTitle "EXT 2011"]
[Source "ChessBase"]
[SourceDate "2010.11.26"]
[SourceVersion "1"]
[SourceVersionDate "2010.11.26"]
[SourceQuality "1"]
[WhiteTeam "Jena Schott"]
[BlackTeam "Leipzig VfB"]
[WhiteTeamCountry "GER"]
[BlackTeamCountry "GER"]

1. d4 Nf6 2. c4 g6 3. Nc3 Bg7 4. e4 d6 5. f3 0-0 6. Be3 a6 7. Nge2 Nbd7 8. Qd2 c5 9. d5 Qa5 10. Nc1 Ne5 11. Nd1 Qxd2+ 12. Kxd2 Nfd7 13. Kc2 Nb6 14. Kb3 f5 15. h3 fxe4 16. fxe4 e6 17. a4 exd5 18. exd5 Bd7 19. Nc3 Rae8 20. Bd2 Rxf1 21. Rxf1 Nbxc4 22. Rd1 Rf8 23. Be1 Ne3 24. Rd2 Rf1 25. Bg3 Nf5 26. Bxe5 Bxe5 27. Ka2 c4 28. N1e2 Rf2 29. Rdd1 Bxa4 30. Nxa4 Rxe2 31. g4 Ne3 32. Rdc1 Nxd5 33. Rxc4 b5 34. Rc8+ Kg7 0-1

[Event "Oberliga Ost-A 0910"]
[Site "Germany"]
[Date "2009.10.18"]
[Round "1.4"]
[White "Wagner, Christian"]
[Black "Werner, Albrecht"]
[Result "0-1"]
[WhiteElo "2194"]
[BlackElo "2125"]
[PlyCount "60"]
[EventDate "2009.10.18"]
[EventType "team-tourn"]
[EventRounds "11"]
[EventCountry "GER"]
[SourceTitle "EXT 2011"]
[Source "ChessBase"]
[SourceDate "2010.11.26"]
[SourceVersion "1"]
[SourceVersionDate "2010.11.26"]
[SourceQuality "1"]
[WhiteTeam "Magdeburg Rochade"]
[BlackTeam "Jena Schott"]
[WhiteTeamCountry "GER"]
[BlackTeamCountry "GER"]

1. d4 Nf6 2. c4 g6 3. Nc3 Bg7 4. e4 d6 5. h3 0-0 6. Be3 e5 7. d5 a5 8. g4 Na6 9. Nge2 Ne8 10. Ng3 Bf6 11. Qd2 Bh4 12. Rg1 Kh8 13. 0-0-0 Nc5 14. Be2 Rg8 15. g5 f5 16. f4 Bxg3 17. Rxg3 Qe7 18. h4 Nxe4 19. Nxe4 fxe4 20. h5 gxh5 21. Bxh5 Ng7 22. Bg4 Nf5 23. Bxf5 Bxf5 24. Qf2 Raf8 25. Bd2 Bg6 26. Bc3 Rg7 27. Qa7 Rxf4 28. Qxb7 Rf3 29. Rgg1 e3 30. Rde1 Qf8 0-1

[Event "Apolda op 16th"]
[Site "Apolda"]
[Date "2007.08.26"]
[Round "7"]
[White "Kaphle, Sebastian"]
[Black "Werner, Albrecht"]
[Result "1-0"]
[WhiteElo "2041"]
[BlackElo "2125"]
[PlyCount "33"]
[EventDate "2007.08.23"]
[EventType "swiss"]
[EventRounds "7"]
[EventCountry "GER"]
[SourceTitle "CBM 120 Extra"]
[Source "ChessBase"]
[SourceDate "2007.11.01"]
[SourceVersion "1"]
[SourceVersionDate "2007.11.01"]
[SourceQuality "1"]

1. e4 c6 2. Nf3 d5 3. exd5 cxd5 4. Ne5 Nd7 5. d4 Ngf6 6. Bg5 g6 7. Nc3 e6 8. Qf3 Be7 9. Bb5 0-0 10. Bh6 Re8 11. h4 a6 12. Bxd7 Bxd7 13. h5 b5 14. hxg6 fxg6 15. g4 Bd6 16. Bg5 Be7 17. Qh3 1-0

[Event "Apolda op 16th"]
[Site "Apolda"]
[Date "2007.08.24"]
[Round "3"]
[White "Thinius, Marco"]
[Black "Werner, Albrecht"]
[Result "1-0"]
[WhiteElo "2330"]
[BlackElo "2125"]
[PlyCount "37"]
[EventDate "2007.08.23"]
[EventType "swiss"]
[EventRounds "7"]
[EventCountry "GER"]
[SourceTitle "CBM 120 Extra"]
[Source "ChessBase"]
[SourceDate "2007.11.01"]
[SourceVersion "1"]
[SourceVersionDate "2007.11.01"]
[SourceQuality "1"]

1. e4 c6 2. d4 d5 3. e5 Bf5 4. Nc3 e6 5. g4 Bg6 6. Nge2 Ne7 7. f4 h5 8. f5 Bh7 9. Bg5 hxg4 10. fxe6 fxe6 11. Nf4 Bf5 12. Bd3 Qb6 13. Bxf5 exf5 14. Qd3 g6 15. h3 Na6 16. 0-0-0 0-0-0 17. Nxg6 Nxg6 18. Qxf5+ Rd7 19. e6 1-0

[Event "Dresden ZMD op"]
[Site "Dresden"]
[Date "2006.08.08"]
[Round "4"]
[White "Werner, Albrecht"]
[Black "Lange, Matthias"]
[Result "0-1"]
[WhiteElo "2143"]
[BlackElo "2027"]
[PlyCount "82"]
[EventDate "2006.08.05"]
[EventType "swiss"]
[EventRounds "9"]
[EventCountry "GER"]
[SourceTitle "CBM 113 Extra"]
[Source "ChessBase"]
[SourceDate "2006.09.14"]
[SourceVersion "1"]
[SourceVersionDate "2006.09.14"]
[SourceQuality "1"]

1. d4 d5 2. c4 c6 3. Nf3 Nf6 4. Nc3 e6 5. e3 Nbd7 6. Qc2 Be7 7. g4 Nxg4 8. Rg1 f5 9. h3 Ngf6 10. Rxg7 Ne4 11. Rg1 Ndf6 12. Ne5 Bd7 13. Qb3 Qc7 14. Bd2 0-0-0 15. Rc1 Nxc3 16. Bxc3 Ne4 17. Bb4 Bh4 18. Rc2 Rhg8 19. Rh1 Kb8 20. Qa3 Be8 21. Bd3 Rg2 22. Bxe4 fxe4 23. cxd5 exd5 24. Rf1 b6 25. Bf8 c5 26. Bh6 Bb5 27. Bf4 Kb7 28. Ng6 Qg7 29. Nxh4 Bxf1 30. Kxf1 Rg1+ 31. Ke2 Qf7 32. dxc5 Qh5+ 33. f3 Qxh4 34. c6+ Ka8 35. Qb4 Rg2+ 36. Kd1 Rg1+ 37. Kd2 exf3 38. Kd3 Rd1+ 39. Kc3 Qe1+ 40. Kb3 Rd3+ 41. Ka4 Qd1 0-1

[Event "Dresden ZMD op"]
[Site "Dresden"]
[Date "2006.08.07"]
[Round "3"]
[White "Baramidze, David"]
[Black "Werner, Albrecht"]
[Result "1-0"]
[WhiteElo "2591"]
[BlackElo "2143"]
[PlyCount "61"]
[EventDate "2006.08.05"]
[EventType "swiss"]
[EventRounds "9"]
[EventCountry "GER"]
[SourceTitle "CBM 113 Extra"]
[Source "ChessBase"]
[SourceDate "2006.09.14"]
[SourceVersion "1"]
[SourceVersionDate "2006.09.14"]
[SourceQuality "1"]

1. e4 c6 2. d4 d5 3. Nd2 dxe4 4. Nxe4 Bf5 5. Ng3 Bg6 6. h4 h6 7. Nf3 Nf6 8. h5 Bh7 9. Bd3 Bxd3 10. Qxd3 e6 11. Bf4 Qa5+ 12. Bd2 Bb4 13. c3 Be7 14. c4 Bb4 15. 0-0 Bxd2 16. Nxd2 0-0 17. c5 Qa6 18. Nc4 Nbd7 19. b4 Nd5 20. Rfb1 b6 21. a4 bxc5 22. dxc5 Rab8 23. b5 Qc8 24. Ne4 Qc7 25. Qg3 Qc8 26. Qd6 N7f6 27. Nxf6+ Nxf6 28. bxc6 Ne4 29. Qxb8 Qxb8 30. Rxb8 Rxb8 31. Nd6 1-0